[Event "First Saturday 2010 oktober IM-A"]
[Site "Budapest"]
[Date "2010.10.08"]
[Round "7"]
[White "Antipov, Mikhail"]
[Black "Keschitz, Gyorgy"]
[Result "1-0"]
[WhiteElo "2278"]
[BlackElo "2248"]
[PlyCount "103"]
[EventDate "2010.10.02"]

1. e4 c5 2. Nf3 Nc6 3. d4 cxd4 4. Nxd4 g6 5. c4 Bg7 6. Be3 Nf6 7. Nc3 O-O 8.
Be2 d6 9. O-O Bd7 10. Qd2 a6 11. f3 Qb8 12. Rfd1 Rc8 13. Nb3 Be6 14. Nd5 Nd7
15. Rac1 b6 16. Na1 Qb7 17. b4 a5 18. b5 Bxd5 19. cxd5 Ncb8 20. Nb3 Rxc1 21.
Rxc1 a4 22. Nd4 Bxd4 23. Qxd4 Nc5 24. Bh6 f6 25. f4 Nbd7 26. Bg4 a3 27. Rc4 Ra5
28. Rb4 Qc7 29. Qc3 Qd8 30. h4 Qe8 31. Kh2 Ra8 32. Qe3 Qf7 33. Rc4 f5 34. exf5
gxf5 35. Bf3 Nf6 36. Rc3 Nfe4 37. Rxa3 Re8 38. Bg5 Qg6 39. h5 Qg7 40. h6 Qb2
41. Bh5 Qxb5 42. Qd4 e5 43. dxe6 Nxe6 44. Bxe8 Nxd4 45. Bxb5 Nxb5 46. Ra8+ Kf7
47. Rh8 d5 48. Rxh7+ Kg8 49. Rg7+ Kh8 50. Rd7 Nbc3 51. Bd8 b5 52. Bc7 1-0

[Event "First Saturday 2010 oktober IM-A"]
[Site "Budapest"]
[Date "2010.10.08"]
[Round "7"]
[White "Szalanczy, Emil"]
[Black "Battey, Alexander"]
[Result "0-1"]
[WhiteElo "2248"]
[BlackElo "2157"]
[PlyCount "80"]
[EventDate "2010.10.02"]

1. e4 c6 2. d4 d5 3. Nc3 dxe4 4. Nxe4 Bf5 5. Ng3 Bg6 6. Bc4 e6 7. N1e2 Bd6 8.
O-O Nd7 9. c3 Qc7 10. b4 Ne7 11. a4 a5 12. Qb3 axb4 13. cxb4 b5 14. Bd3 Rxa4
15. Rxa4 bxa4 16. Qc2 Nb6 17. h4 Ned5 18. Bd2 Bxb4 19. h5 Bxd3 20. Qxd3 Bxd2
21. Qxd2 h6 22. f4 f5 23. Nc1 O-O 24. Nd3 Nd7 25. Re1 Rf6 26. Qa2 Nxf4 27. Ne5
Nxe5 28. dxe5 Rf8 29. Kh2 Qe7 30. Re3 Qh4+ 31. Kg1 Rd8 32. Rf3 Rd1+ 33. Nf1 Nd5
34. Qe2 Qd4+ 35. Kh2 Nf4 36. Qa6 Rd3 37. Qxc6 Rxf3 38. Qxf3 Qxe5 39. Ng3 Nd5
40. Kh3 Qe3 0-1

[Event "First Saturday 2010 oktober IM-A"]
[Site "Budapest"]
[Date "2010.10.08"]
[Round "7"]
[White "Stigar, Petter"]
[Black "Kahn, Evarth"]
[Result "1/2-1/2"]
[WhiteElo "2292"]
[BlackElo "2255"]
[PlyCount "26"]
[EventDate "2010.10.02"]

1. c4 Nf6 2. Nf3 c6 3. d4 d5 4. e3 Bg4 5. h3 Bxf3 6. Qxf3 e6 7. Bd3 Bb4+ 8. Bd2
Bxd2+ 9. Nxd2 Qa5 10. Qe2 dxc4 11. Bxc4 Ne4 12. Rd1 Nd7 13. a3 Ndf6 1/2-1/2

[Event "First Saturday 2010 oktober IM-A"]
[Site "Budapest"]
[Date "2010.10.08"]
[Round "7"]
[White "Brustkern, Juergen"]
[Black "To, Nhat Minh"]
[Result "1/2-1/2"]
[WhiteElo "2299"]
[BlackElo "2426"]
[PlyCount "27"]
[EventDate "2010.10.02"]

1. d4 d5 2. c4 c6 3. Nf3 Nf6 4. Qb3 dxc4 5. Qxc4 Bf5 6. g3 e6 7. Bg2 Nbd7 8.
O-O Be7 9. Nc3 O-O 10. Qb3 Qb6 11. Re1 Qxb3 12. axb3 h6 13. e4 Bh7 14. Bf4
1/2-1/2

[Event "First Saturday 2010 oktober IM-A"]
[Site "Budapest"]
[Date "2010.10.08"]
[Round "7"]
[White "Horvath, David"]
[Black "Vegh, Endre"]
[Result "1/2-1/2"]
[WhiteElo "2305"]
[BlackElo "2260"]
[PlyCount "127"]
[EventDate "2010.10.02"]

1. d4 Nf6 2. c4 c5 3. d5 e6 4. Nc3 exd5 5. cxd5 Bd6 6. Nf3 O-O 7. g3 Re8 8. Bg2
a6 9. a4 Bc7 10. O-O d6 11. Nd2 Nbd7 12. Nc4 Rb8 13. Bf4 Nf8 14. a5 Ng6 15. e4
Ng4 16. Qd2 Nxf4 17. gxf4 Qh4 18. h3 Nh6 19. Kh2 Ng4+ 20. Kg1 Nf6 21. Qe3 Nh5
22. Ne2 Bd7 23. b3 Bb5 24. Qf3 g6 25. Rfe1 Re7 26. Qg4 Qf6 27. Ra2 Rbe8 28. Kh2
Bd7 29. Qg5 Qg7 30. Ng3 Nxg3 31. Qxg3 Bb5 32. Re3 Bxc4 33. bxc4 Qd4 34. Rc3 Qf6
35. Rb3 Bd8 36. Rab2 Bxa5 37. Rxb7 Bb4 38. Rxe7 Qxe7 39. Re2 f6 40. h4 a5 41.
Bh3 a4 42. h5 Kg7 43. e5 fxe5 44. fxe5 dxe5 45. f4 e4 46. f5 Qe5 47. hxg6 hxg6
48. fxg6 e3 49. Qxe5+ Rxe5 50. d6 a3 51. d7 Ba5 52. Bg4 Re7 53. Ra2 Kxg6 54.
Be2 Rxd7 55. Rxa3 Bd2 56. Rd3 Rf7 57. Kg3 Kf6 58. Rd5 Rc7 59. Kf3 Ke6 60. Ke4
Kf6 61. Kd3 Ke7 62. Bg4 Kf6 63. Rf5+ Kg6 64. Rd5 1/2-1/2

[Event "First Saturday 2010 oktober IM-A"]
[Site "Budapest"]
[Date "2010.10.09"]
[Round "8"]
[White "Keschitz, Gyorgy"]
[Black "Vegh, Endre"]
[Result "0-1"]
[WhiteElo "2248"]
[BlackElo "2260"]
[PlyCount "48"]
[EventDate "2010.10.02"]

1. Nf3 Nf6 2. g3 g6 3. Bg2 Bg7 4. O-O O-O 5. d3 c5 6. c3 Nc6 7. a3 d6 8. b4 a6
9. bxc5 dxc5 10. Be3 Qd6 11. Bf4 e5 12. Bg5 e4 13. Bf4 Qe7 14. Nfd2 exd3 15.
exd3 Rd8 16. Re1 Be6 17. Nc4 Nh5 18. Bc1 Qc7 19. Qc2 b5 20. Nb2 Rac8 21. Bg5
Rd7 22. Rc1 Ne5 23. a4 Bf5 24. Be4 Bxe4 0-1

[Event "First Saturday 2010 oktober IM-A"]
[Site "Budapest"]
[Date "2010.10.09"]
[Round "8"]
[White "To, Nhat Minh"]
[Black "Horvath, David"]
[Result "0-1"]
[WhiteElo "2426"]
[BlackElo "2305"]
[PlyCount "54"]
[EventDate "2010.10.02"]

1. e4 e6 2. d4 d5 3. Nd2 c5 4. exd5 exd5 5. Ngf3 Nf6 6. Bb5+ Bd7 7. Qe2+ Be7 8.
dxc5 O-O 9. Nb3 Re8 10. Be3 a5 11. a4 Na6 12. Ne5 Bxb5 13. Qxb5 Nxc5 14. O-O-O
Nxb3+ 15. Qxb3 Qc7 16. Bd4 Bc5 17. f4 Bxd4 18. Rxd4 Rac8 19. c3 Re6 20. Rhd1
Rb6 21. Qc2 Rb4 22. g4 h6 23. h4 Qc5 24. Qd3 Qb6 25. Qc2 Ne4 26. Nd7 Qc7 27.
Ne5 Nxc3 0-1

[Event "First Saturday 2010 oktober IM-A"]
[Site "Budapest"]
[Date "2010.10.09"]
[Round "8"]
[White "Antipov, Mikhail"]
[Black "Szalanczy, Emil"]
[Result "1-0"]
[WhiteElo "2278"]
[BlackElo "2248"]
[PlyCount "71"]
[EventDate "2010.10.02"]

1. e4 c5 2. Nf3 d6 3. d4 cxd4 4. Nxd4 Nf6 5. Nc3 g6 6. Be3 Bg7 7. f3 Nc6 8. Qd2
O-O 9. Bc4 Bd7 10. h4 Ne5 11. Bb3 Rc8 12. h5 Nxh5 13. O-O-O Nc4 14. Bxc4 Rxc4
15. g4 Nf6 16. Kb1 Bxg4 17. fxg4 Nxg4 18. Qe2 Rxc3 19. bxc3 Qb6+ 20. Kc1 h5 21.
Rdg1 Qa5 22. Rxg4 hxg4 23. Qh2 Qh5 24. Qxh5 gxh5 25. Rxh5 Bf6 26. Rh1 Rc8 27.
Kd2 Rc4 28. Rg1 Kh7 29. Rxg4 b5 30. Nb3 a6 31. Bg5 Kg6 32. Bxf6+ Kxf6 33. Rh4
Rc8 34. Rh5 e6 35. Rh2 Ke7 36. Rf2 {after 28 move} 1-0

[Event "First Saturday 2010 oktober IM-A"]
[Site "Budapest"]
[Date "2010.10.10"]
[Round "9"]
[White "Szalanczy, Emil"]
[Black "Keschitz, Gyorgy"]
[Result "0-1"]
[WhiteElo "2248"]
[BlackElo "2248"]
[PlyCount "160"]
[EventDate "2010.10.02"]

1. e4 c5 2. Nf3 Nc6 3. d4 cxd4 4. Nxd4 g6 5. Nc3 Bg7 6. Be3 Nf6 7. Bc4 Qa5 8.
O-O O-O 9. Bb3 d6 10. h3 Bd7 11. Re1 Rac8 12. Qd3 Nb4 13. Qf1 Na6 14. Bd2 Qc7
15. Bg5 Qa5 16. Nf3 Bc6 17. Rad1 Nc5 18. Bd2 Rfe8 19. Ng5 e6 20. Na4 Qc7 21.
Nxc5 dxc5 22. Qc4 h6 23. Nf3 Nxe4 24. Rxe4 b5 25. Qxc5 Bxe4 26. Qxb5 Bxf3 27.
gxf3 Rb8 28. Qa4 Red8 29. c3 Rd3 30. Bf4 Rxd1+ 31. Bxd1 Be5 32. Bc1 a5 33. Bb3
Bg7 34. Bf4 e5 35. Be3 Kh7 36. Qe4 Qd7 37. Kg2 Qb7 38. Qa4 Ra8 39. Qc4 f5 40.
Qe6 Qa6 41. Qd5 Rb8 42. Bc4 Qb7 43. b3 Qxd5 44. Bxd5 Bf8 45. Kf1 Rc8 46. c4 Kg7
47. Ke2 Kf6 48. Kd3 g5 49. Bb6 Bb4 50. a3 Bxa3 51. Bxa5 Bc5 52. b4 Bxf2 53. b5
Ke7 54. b6 Kd6 55. b7 Rh8 56. Bb4+ Bc5 57. Bd2 Rf8 58. Kc3 e4 59. fxe4 f4 60.
Kd3 f3 61. Ba5 f2 62. e5+ Kxe5 63. Bg2 Kd6 64. Ke2 Re8+ 65. Kd3 Re3+ 66. Kd2
Rb3 67. Ke2 Rb2+ 68. Kf1 Ba7 69. Bc3 Rb3 70. Bd2 Ke5 71. Ke2 Kd4 72. c5 Bxc5
73. b8=Q Rxb8 74. Be3+ Kc4 75. Bxc5 Rb2+ 76. Ke3 Kxc5 77. Bf1 Kd6 78. Be2 Ke5
79. Bf1 h5 80. Be2 Rb3+ 0-1

[Event "First Saturday 2010 oktober IM-A"]
[Site "Budapest"]
[Date "2010.10.10"]
[Round "9"]
[White "Stigar, Petter"]
[Black "Antipov, Mikhail"]
[Result "1/2-1/2"]
[WhiteElo "2292"]
[BlackElo "2278"]
[PlyCount "27"]
[EventDate "2010.10.02"]

1. Nf3 Nf6 2. c4 c6 3. d4 d5 4. e3 Bf5 5. Bd3 Bxd3 6. Qxd3 e6 7. O-O Nbd7 8.
Nc3 Bd6 9. e4 dxe4 10. Nxe4 Nxe4 11. Qxe4 Nf6 12. Qe2 Qe7 13. Rd1 h6 14. Bd2
1/2-1/2

[Event "First Saturday 2010 oktober IM-A"]
[Site "Budapest"]
[Date "2010.10.10"]
[Round "9"]
[White "Brustkern, Juergen"]
[Black "Battey, Alexander"]
[Result "0-1"]
[WhiteElo "2299"]
[BlackElo "2157"]
[PlyCount "86"]
[EventDate "2010.10.02"]

1. e4 c6 2. d4 d5 3. f3 g6 4. Nc3 Bg7 5. Be3 Qb6 6. Qd2 Qxb2 7. Rb1 Qa3 8. h4
h5 9. Bd3 dxe4 10. fxe4 Nh6 11. Nf3 Ng4 12. Bg5 e5 13. Nxe5 Nxe5 14. dxe5 Bxe5
15. Ne2 Nd7 16. Bc4 O-O 17. Bh6 Bg7 18. Bxg7 Kxg7 19. Qd4+ f6 20. Rxb7 Bxb7 21.
Qxd7+ Kh8 22. Qd2 Qe7 23. Rf1 Rad8 24. Qe3 Kg7 25. Bb3 c5 26. c3 Qxe4 27. Qxe4
Bxe4 28. Nf4 Rfe8 29. Kf2 Bf5 30. Kg1 Re5 31. Rf2 Kh6 32. Kh2 g5 33. Nh3 Rd6
34. Ng1 Be4 35. hxg5+ Kxg5 36. Nf3+ Bxf3 37. Rxf3 Rd2 38. Rg3+ Kh6 39. Rg8 Rg5
40. Rh8+ Kg7 41. Ra8 Rdxg2+ 42. Kh1 R2g4 43. Rxa7+ Kh6 0-1

[Event "First Saturday 2010 oktober IM-A"]
[Site "Budapest"]
[Date "2010.10.10"]
[Round "9"]
[White "Horvath, David"]
[Black "Kahn, Evarth"]
[Result "1/2-1/2"]
[WhiteElo "2305"]
[BlackElo "2255"]
[PlyCount "43"]
[EventDate "2010.10.02"]

1. d4 d5 2. c4 c6 3. Nf3 Nf6 4. Nc3 Bg4 5. Ne5 e6 6. Nxg4 Nxg4 7. e4 Nf6 8. e5
Nfd7 9. cxd5 cxd5 10. Be3 Be7 11. Qg4 Kf8 12. Bd3 Nc6 13. O-O Ndxe5 14. dxe5 d4
15. Bb5 dxc3 16. Bxc6 bxc6 17. bxc3 h5 18. Qa4 Qc7 19. Rab1 g6 20. h3 Kg7 21.
Rb3 c5 22. Qe4 1/2-1/2